000 00709nam a22002777a 4500
001 BR9901672
003 BR-BrBNA
005 20230928100315.0
007 ta
008 230509b bl.||||| |||| 00| 0 por d
040 _aBR-BrBNA
_bpor
_cBiblioteca Nacional de Agricultura
041 _a(Por)
072 _aE80
_b0600
_b9120
090 _ 0600 BR9901672
100 1 _aAlzugaray, D.
100 1 _aAlzugaray, C.(eds.)
245 1 _aAprenda a fazer conservas doces
260 3 _aSao Paulo, SP (Brasil):
_bEd. Tres Ltda.,
_c1986.
300 _a80 p.
500 _a118 illus.
650 _aConserva
650 _aFruta
650 _aCulinaria
909 _a202309
_bLucia
_c55
_dLucia Elande
942 _cBK
999 _c60885
_d60885